Statistics for Top 32 NCAA football teams by Instagram followers

Click here to take the quiz!

General Stats

  • This quiz has been taken 30 times
  • The average score is 25 of 32

Answer Stats

HintAnswer% Correct
1.3mAlabama
100%
726kMichigan
100%
721kTexas
100%
769kClemson
95%
472kFlorida
95%
1mLSU
95%
1.1mOhio State
95%
236kUSC
95%
1mGeorgia
89%
642kOregon
89%
235kWashington
89%
491kFlorida State
84%
294kMichigan State
84%
555kOklahoma
84%
509kPenn State
84%
284kTexas A&M
84%
226kUCLA
84%
354kMiami
79%
232kNorth Carolina
79%
245kArkansas
74%
344kAuburn
74%
207kKentucky
74%
611kTennessee
74%
245kNebraska
68%
448kNotre Dame
68%
256kSouth Carolina
68%
286kWisconsin
68%
1mColorado
63%
186kTCU
63%
203kIowa
53%
234kOle Miss
47%
195kWest Virginia
42%

Score Distribution

Percentile by Number Answered

Percent of People with Each Score

Your Score History

You have not taken this quiz